KILLING FLOOR / (Record no. 189702)
[ view plain ]
| 000 -LEADER | |
|---|---|
| fixed length control field | 01204nam a2200301 i 4500 |
| 003 - CONTROL NUMBER IDENTIFIER | |
| control field | OSt |
| 008 - FIXED-LENGTH DATA ELEMENTS--GENERAL INFORMATION | |
| fixed length control field | 221027s2021 enka j 000 1 eng d |
| 020 ## - INTERNATIONAL STANDARD BOOK NUMBER | |
| International Standard Book Number | 9780241493144 |
| Terms of availability | RM29.95 |
| Qualifying information | paperback |
| 040 ## - CATALOGING SOURCE | |
| Original cataloging agency | PPAK |
| Language of cataloging | eng |
| Transcribing agency | PPAK |
| Description conventions | rda |
| 082 04 - DEWEY DECIMAL CLASSIFICATION NUMBER | |
| Edition number | 23 |
| Classification number | 813.54 |
| 090 00 - LOCALLY ASSIGNED LC-TYPE CALL NUMBER (OCLC); LOCAL CALL NUMBER (RLIN) | |
| Classification number (OCLC) (R) ; Classification number, CALL (RLIN) (NR) | 813.54 |
| Feature heading | CHI |
| Feature heading | K |
| 100 1# - MAIN ENTRY--PERSONAL NAME | |
| Personal name | Child, Lee, |
| Relator term | author. |
| 245 10 - TITLE STATEMENT | |
| Title | KILLING FLOOR / |
| Statement of responsibility, etc. | LEE CHILD ; RETOLD BY KATE WILLIAMS ; ILLUSTRATED BY KEVIN HOPGOOD ; SERIES EDITOR : SERREL PITTS |
| 264 #1 - PRODUCTION, PUBLICATION, DISTRIBUTION, MANUFACTURE, AND COPYRIGHT NOTICE | |
| Place of production, publication, distribution, manufacture | London : |
| Name of producer, publisher, distributor, manufacturer | Penguin Books, |
| Date of production, publication, distribution, manufacture, or copyright notice | 2021 |
| 300 ## - PHYSICAL DESCRIPTION | |
| Extent | 80 pages : |
| Other physical details | illustrations ; |
| Dimensions | 20 cm. |
| 336 ## - CONTENT TYPE | |
| Content type term | text |
| Source | rdacontent |
| 337 ## - MEDIA TYPE | |
| Media type term | unmediated |
| Source | rdamedia |
| 338 ## - CARRIER TYPE | |
| Carrier type term | volume |
| Source | rdacarrier |
| 490 1# - SERIES STATEMENT | |
| Series statement | Penguin Readers ; |
| Volume/sequential designation | LEVEL 4 |
| 500 ## - GENERAL NOTE | |
| General note | Includes questions and excercises |
| 520 ## - SUMMARY, ETC. | |
| Summary, etc. | Reacher was a soldier, then he was in the military police. Now, he is traveling the United States of America, with nothing much to do. Then, one morning, he is arrested-for murder!" -- back cover |
| 650 10 - SUBJECT ADDED ENTRY--TOPICAL TERM | |
| Topical term or geographic name entry element | Reacher, Jack (Fictitious character) |
| Form subdivision | Fiction |
| 700 1# - ADDED ENTRY--PERSONAL NAME | |
| Personal name | Williams, Kate, |
| Relator term | author. |
| Personal name | Hopgood, Kevin, |
| Relator term | illustrator. |
| Personal name | Pitts, Sorrel, |
| Relator term | editor. |
| 830 #0 - SERIES ADDED ENTRY--UNIFORM TITLE | |
| Uniform title | Penguin readers ; |
| Number of part/section of a work | Level 4 |
| 942 ## - ADDED ENTRY ELEMENTS (KOHA) | |
| Source of classification or shelving scheme | Dewey Decimal Classification |
| Koha item type | Book |
| Withdrawn | Not for loan | Current library | Shelving location | Date acquired | Total Checkouts | Full call number | Barcode | Date last seen | Date last checked out | Koha item type | Total Renewals |
|---|---|---|---|---|---|---|---|---|---|---|---|
| Perpustakaan Alor Setar | Pinjaman Kanak-kanak | 13/12/2022 | 1 | K 813.54 CHI | A01761317 | 29/08/2024 | 22/08/2024 | Book | |||
| Perpustakaan Awam Sungai Petani | Pinjaman Kanak-kanak | 13/12/2022 | 3 | K 813.54 CHI | A01761318 | 01/09/2025 | 10/08/2025 | Book | |||
| Perpustakaan Baling | Pinjaman Kanak-kanak | 13/12/2022 | K 813.54 CHI | A01761322 | 13/12/2022 | Book | |||||
| Perpustakaan Jitra | Pinjaman Kanak-kanak | 13/12/2022 | 1 | K 813.54 CHI | A01761319 | 26/12/2023 | 06/09/2023 | Book | 1 | ||
| Perpustakaan Kulim | Pinjaman Kanak-kanak | 13/12/2022 | 1 | K 813.54 CHI | A01761321 | 01/03/2025 | 08/02/2025 | Book | |||
| Perpustakaan Langkawi | Pinjaman Kanak-kanak | 13/12/2022 | K 813.54 CHI | A01761320 | 13/12/2022 | Book |